| 000 | 00919nmm a2200253 a 4500 | ||
|---|---|---|---|
| 001 | ocm000702376 | ||
| 003 | TR-IsHL | ||
| 005 | 20201028131116.0 | ||
| 008 | 131010s1982 tu ger | ||
| 007 | cr cn | ||
| 035 |
_a702376 _b(N$T) |
||
| 050 | 0 | 4 |
_aPT2603.F74 _bD87 1982 |
| 090 | 0 | 4 |
_aPT2603.F74 _bD87 1982 |
| 100 | 1 | _aDurusoy, Gertrude | |
| 245 | 1 | 0 |
_aDie freitodproblematik im epischen werk hermann brochs _h[electronic resource] / _cGertrude Durusoy |
| 260 |
_aİzmir : _bEge Üniversitesi Yayınları, _c1982 |
||
| 300 | _a84 p. | ||
| 650 | 4 | _aDil ve Edebiyat | |
| 650 | 4 | _aLanguage and Literature | |
| 650 | 0 |
_aAlman edebiyatı _x Yazarlar _x Tarih ve eleştiri |
|
| 650 | 0 |
_aGerman literature _x Authors _x History and criticism |
|
| 650 | 7 |
_aLITERARY CRITICISM / European / German _2bisacsh |
|
| 856 | 4 | 0 | _uhttp://search.ebscohost.com/login.aspx?direct=true&scope=site&db=e011xww&AN=702376 |
| 999 |
_c4383 _d4383 |
||